LEADER 00969nam0-2200337---450- 001 990009910530403321 005 20141106144307.0 010 $a978-88-6288-218-7 035 $a000991053 035 $aFED01000991053 035 $a(Aleph)000991053FED01 035 $a000991053 100 $a20141024d2014----km-y0itay50------ba 101 0 $aita 102 $aIT 105 $aa-------001yy 200 1 $aStoria dell'esercito italiano$e1861-1940$fJohn Whittam 210 $aBologna$cOdoya$d2014 215 $a309 p.$cill.$d21 cm 225 1 $aOdoya library$v136 454 0$12001$a<>politics of the Italian army$948019 610 0 $aEsercito italiano$aStoria$a1861-1940 676 $a355.30945$v21$zita 700 1$aWhittam,$bJohn$0242598 801 0$aIT$bUNINA$gREICAT$2UNIMARC 901 $aBK 912 $a990009910530403321 952 $aXIV B 2499$b51779$fFSPBC 959 $aFSPBC 996 $aPolitics of the Italian army$948019 997 $aUNINA LEADER 01194nam0-22003731i-450- 001 990005529730203316 005 20050712120000.0 035 $a000552973 035 $aUSA01000552973 035 $a(ALEPH)000552973USA01 035 $a000552973 100 $a20050712d1948-------|0itac50------ba 101 $aita 102 $aIT 105 $a|||| ||||| 200 1 $aConsiderazioni sulla riforma agraria$ediscorso al Senato della repubblica nella discussione sulle comunicazioni del governo$e22 giugno 1948$fGiovanni Pallastrelli 210 $aRoma$cTip. del Senato$d1948 215 $a28 p.$d22 cm. 606 $aRiforma agraria$xItalia$2FI 620 $dRoma 676 $a346.044$cRiforma agraria$v21 700 1$aPALLASTRELLI,$bGiovanni$075718 712 $aTipografia del Senato 801 $aIT$bSOL$c20120104 912 $a990005529730203316 950 $aDIP.TO SCIENZE ECONOMICHE - (SA)$dDS 300 346.044 PAL$e2075 DISES 951 $a300 346.044 PAL$b2075 DISES 959 $aBK 969 $aDISES 979 $c20121027$lUSA01$h1532 979 $c20121027$lUSA01$h1613 996 $aConsiderazioni sulla riforma agraria$91130346 997 $aUNISA NUM $aUSA14909